গারো সম্প্রদায় বাংলাদেশের একটি প্রান্তিক জনগোষ্ঠি (Record no. 3845)
[ view plain ]
| 000 -LEADER | |
|---|---|
| fixed length control field | 00676nam a2200169Ia 4500 |
| 008 - FIXED-LENGTH DATA ELEMENTS--GENERAL INFORMATION | |
| fixed length control field | 151213s9999 xx 000 0 und d |
| 020 ## - INTERNATIONAL STANDARD BOOK NUMBER | |
| International Standard Book Number | 984-300-002705 |
| 100 ## - MAIN ENTRY--PERSONAL NAME | |
| Personal name | মো : রহমত উল্লাহ |
| 245 ## - TITLE STATEMENT | |
| Title | গারো সম্প্রদায় বাংলাদেশের একটি প্রান্তিক জনগোষ্ঠি |
| Statement of responsibility, etc. | মো : রহমত উল্লাহ |
| 250 ## - EDITION STATEMENT | |
| Edition statement | ১ম সং |
| 260 ## - PUBLICATION, DISTRIBUTION, ETC. (IMPRINT) | |
| Place of publication, distribution, etc. | ঢাকা |
| Name of publisher, distributor, etc. | ইউ.ৃজি.সি |
| Date of publication, distribution, etc. | 2010 |
| 300 ## - PHYSICAL DESCRIPTION | |
| Extent | 7233 p. |
| 650 ## - SUBJECT ADDED ENTRY--TOPICAL TERM | |
| Topical term or geographic name as entry element | social Science |
| 650 ## - SUBJECT ADDED ENTRY--TOPICAL TERM | |
| Topical term or geographic name as entry element | সামাজিক বিজ্ঞান |
| 700 ## - ADDED ENTRY--PERSONAL NAME | |
| Personal name | মো : রহমত উল্লাহ |
No items available.
